Child Psychology (Record no. 162994)
[ view plain ]
| 000 -LEADER | |
|---|---|
| fixed length control field | 00474nam a22001937a 4500 |
| 010 ## - LCCN (DPL NO) | |
| LC control number | B-158593 |
| 035 ## - SYSTEM CONTROL NUMBER | |
| System control number | A-158593 |
| 037 ## - SOURCE OF ACQUISITION | |
| Stock number | DBAD/PUB |
| 082 ## - DEWEY DECIMAL CLASSIFICATION NUMBER | |
| Edition number | 2004 |
| Classification number | 155.4 |
| 100 ## - MAIN ENTRY--PERSONAL NAME | |
| Personal name | Jafar, Mahmud |
| 245 ## - TITLE STATEMENT | |
| Title | Child Psychology |
| Medium | English |
| 250 ## - EDITION STATEMENT | |
| Edition statement | 2004 |
| 260 ## - PUBLICATION, DISTRIBUTION, ETC. (IMPRINT) | |
| Place of publication, distribution, etc | New Delhi |
| Name of publisher, distributor, etc | APH |
| 270 ## - ADDRESS | |
| Address | 5, Ansari Road Daryaganj |
| 300 ## - PHYSICAL DESCRIPTION | |
| Extent | 254 pase |
| Dimensions | 21 CM HB |
| 700 ## - ADDED ENTRY--PERSONAL NAME | |
| Personal name | Jafar, Mahmud |
| 760 ## - MAIN SERIES ENTRY | |
| Edition | 2004 |
| 942 ## - ADDED ENTRY ELEMENTS (KOHA) | |
| Source of classification or shelving scheme | Dewey Decimal Classification |
| Item type | English Books |
| Edition | 2004 |
| Classification part | 155.4 |
| Call number prefix | JAF |
No items available.
